Применение подхода "Разделяй и властвуй" в олимпиадных задачах на запросы в дереве с модификациями; Информационные технологии в науке, управлении, социальной сфере и медицине
| Parent link: | Информационные технологии в науке, управлении, социальной сфере и медицине.— 2015.— [С. 634-636] |
|---|---|
| Main Author: | |
| Corporate Author: | |
| Summary: | Заглавие с титульного экрана Approach "divide and conquer" has been extended on the problem in using trees with modification queries. Asymptotic evaluation of the algorithm has been proved. A set of problems on this theme has been collected and offered to pupils at the programming contest. |
| Language: | Russian |
| Published: |
2015
|
| Series: | Информационные технологии в государственном управлении и социальной сфере |
| Subjects: | |
| Online Access: | http://earchive.tpu.ru/handle/11683/17249 http://www.lib.tpu.ru/fulltext/c/2015/C24/276.pdf |
| Format: | Electronic Book Chapter |
| KOHA link: | https://koha.lib.tpu.ru/cgi-bin/koha/opac-detail.pl?biblionumber=614046 |
MARC
| LEADER | 00000naa2a2200000 4500 | ||
|---|---|---|---|
| 001 | 614046 | ||
| 005 | 20231101132804.0 | ||
| 035 | |a (RuTPU)RU\TPU\conf\12210 | ||
| 035 | |a RU\TPU\conf\12208 | ||
| 090 | |a 614046 | ||
| 100 | |a 20150907d2015 k y0rusy50 ca | ||
| 101 | 0 | |a rus |d eng | |
| 102 | |a RU | ||
| 105 | |a y z 101zy | ||
| 135 | |a drcn ---uucaa | ||
| 181 | 0 | |a i | |
| 182 | 0 | |a b | |
| 200 | 1 | |a Применение подхода "Разделяй и властвуй" в олимпиадных задачах на запросы в дереве с модификациями |d Using “Divide and conquer” approach for queries processing in trees with modifications |f О. А. Голуб | |
| 203 | |a Текст |c электронный | ||
| 225 | 1 | |a Информационные технологии в государственном управлении и социальной сфере | |
| 230 | |a 1 компьютерный файл (pdf; 533 Kb) | ||
| 300 | |a Заглавие с титульного экрана | ||
| 320 | |a [Библиогр.: с. 636 (2 назв.)] | ||
| 330 | |a Approach "divide and conquer" has been extended on the problem in using trees with modification queries. Asymptotic evaluation of the algorithm has been proved. A set of problems on this theme has been collected and offered to pupils at the programming contest. | ||
| 337 | |a Adobe Reader | ||
| 463 | 0 | |0 (RuTPU)RU\TPU\conf\11725 |t Информационные технологии в науке, управлении, социальной сфере и медицине |o сборник научных трудов II Международной конференции, 19-22 мая 2015 г., Томск |f Национальный исследовательский Томский политехнический университет (ТПУ) ; ред. кол. О. Г. Берестнева [и др.] |v [С. 634-636] |d 2015 | |
| 510 | 1 | |a Using “Divide and conquer” approach for queries processing in trees with modifications |z eng | |
| 610 | 1 | |a труды учёных ТПУ | |
| 610 | 1 | |a электронный ресурс | |
| 610 | 1 | |a олимпиадные задачи | |
| 610 | 1 | |a программирование | |
| 610 | 1 | |a IT-специалисты | |
| 610 | 1 | |a креативное мышление | |
| 610 | 1 | |a алгоритмы | |
| 700 | 1 | |a Голуб |b О. А. | |
| 712 | 0 | 2 | |a Национальный исследовательский Томский политехнический университет (ТПУ) |c (2009- ) |2 stltpush |3 (RuTPU)RU\TPU\col\15902 |
| 801 | 2 | |a RU |b 63413507 |c 20210129 |g RCR | |
| 856 | 4 | |u http://earchive.tpu.ru/handle/11683/17249 | |
| 856 | 4 | |u http://www.lib.tpu.ru/fulltext/c/2015/C24/276.pdf | |
| 942 | |c BK | ||